đź“– 150 premiers mots "Une fois dans ma vie" Legardinier - Statistiques

Statistiques générales
  • Ce quiz a Ă©tĂ© pris 16 fois
  • Le rĂ©sultat moyen est 77 sur 150
Statistiques - réponses
Mots % Correct
Ă 
100%
a
100%
d'
100%
de
100%
des
100%
et
100%
Il
100%
il
100%
s'
100%
un
100%
une
100%
Une
100%
dans
92%
elle
92%
Elle
92%
en
92%
est
92%
le
92%
Le
92%
les
92%
sa
92%
au-
85%
au
85%
Ce
85%
ce
85%
Mais
85%
peu
85%
qu'
85%
que
85%
femme
77%
la
77%
nuit,
77%
Pas
77%
qui
77%
alors
69%
dessus
69%
du
69%
faisait
69%
froid.
69%
ne
69%
ou
69%
si
69%
tout
69%
aux
62%
moindre
62%
plus
62%
pu
62%
été
54%
temps
54%
après
46%
dont
46%
aurait
38%
mĂŞme
38%
quelque
38%
bras,
31%
enfin
31%
longtemps
31%
prend
31%
souffle
31%
tĂ´t,
31%
vent
31%
longue
23%
monde.
23%
brille
15%
chevelure.
15%
devant
15%
lune
15%
vient
15%
Appel
8%
capable
8%
geste,
8%
joue
8%
ouvrir,
8%
pleine
8%
privée.
8%
propre ...
8%
sombre
8%
telle
8%
toits
8%
accompli
0%
adonnant
0%
antennes
0%
antique
0%
bleuté
0%
capter
0%
cheminées.
0%
contemple
0%
craindre
0%
Debout
0%
désormais
0%
dieux
0%
écarte
0%
énergies
0%
esquisse
0%
étend
0%
fenĂŞtre
0%
futur,
0%
hérissés
0%
inspiration
0%
laisser
0%
lentement
0%
moment,
0%
ouverture
0%
panorama
0%
prĂŞteresse
0%
profonde
0%
promesse
0%
quiétude
0%
renaissance.
0%
ressemble
0%
rituel
0%
sacrifice ?
0%
saute
0%
Savourant
0%
secret.
0%
surmonté,
0%
vide.
0%
Aucun quiz correspondant
Distribution des résultats
% des personnes avec chaque résultat
Percentile par nombre de réponses
Votre historique - résultats
Vous n’avez pas pris ce quiz